| 000 | 00532nam a2200205Ia 4500 | ||
|---|---|---|---|
| 003 | OSt | ||
| 005 | 20230627101819.0 | ||
| 008 | 210423s9999 xx 000 0 und d | ||
| 040 | _cAL | ||
| 041 | _aeng | ||
| 082 |
_a338.9 _223 _bKOTA |
||
| 100 |
_aKOTHARI (Rajini);MENDLOVILZ (Saul h) _9113280 |
||
| 245 | _aAlterbatives 1984 | ||
| 260 |
_bCentre for social action _c2021 |
||
| 365 | _cINR | ||
| 650 |
_aEconomics _9113281 |
||
| 650 |
_aEconomics of Development _9113282 |
||
| 906 | _a1984 ; Alterbatives | ||
| 942 |
_2ddc _cBK |
||
| 999 |
_c173065 _d173065 |
||